Detalles MARC
| 000 -CABECERA |
| campo de control de longitud fija |
01321nam a2200409 c 4500 |
| 001 - NÚMERO DE CONTROL |
| campo de control |
a5819367 |
| 003 - IDENTIFICADOR DEL NÚMERO DE CONTROL |
| campo de control |
SpMaBN |
| 005 - FECHA Y HORA DE LA ÚLTIMA TRANSACCIÓN |
| campo de control |
20241122062656.0 |
| 008 - DATOS DE LONGITUD FIJA--INFORMACIÓN GENERAL |
| campo de control de longitud fija |
160623s2016 sp a | |||| 001 0 spa |
| 015 ## - NÚMERO DE BIBLIOGRAFÍA NACIONAL |
| Número de bibliografía nacional |
MON1606 |
| 017 ## - NÚMERO DE COPYRIGHT O DE DEPÓSITO LEGAL |
| Número de copyright o de depósito legal |
B 4641-2016 |
| Agencia que asigna |
Oficina Depósito Legal Barcelona |
| 020 ## - NÚMERO INTERNACIONAL ESTÁNDAR DEL LIBRO |
| Número Internacional Estándar del Libro |
9788491130222 |
| 035 ## - NÚMERO DE CONTROL DEL SISTEMA |
| Número de control de sistema |
(OCoLC)953011887 |
| 040 ## - FUENTE DE LA CATALOGACIÓN |
| Centro catalogador/agencia de origen |
SpMaBN |
| Centro/agencia transcriptor |
AR-RoIUNI |
| 041 1# - CÓDIGO DE LENGUA |
| Código de lengua del texto/banda sonora o título independiente |
spa |
| Código de lengua original |
eng |
| 080 ## - NÚMERO DE LA CLASIFICACIÓN DECIMAL UNIVERSAL |
| Número de la Clasificación Decimal Universal |
612 HAL |
| 100 1# - ENTRADA PRINCIPAL--NOMBRE DE PERSONA |
| Nombre de persona |
Hall, John. |
| Fechas asociadas al nombre |
1946- |
| Código de función/relación |
aut |
| 9 (RLIN) |
170 |
| 245 10 - MENCIÓN DE TÍTULO |
| Título |
Guyton y Hall |
| Mención de responsabilidad, etc. |
John E. Hall, Arthur C. Guyton ; [traducción por Elsevier España] |
| Resto del título |
Compendio de fisiología médica |
| 246 30 - FORMA VARIANTE DE TÍTULO |
| Título propio/Titulo breve |
Compendio de fisiología médica |
| 246 30 - FORMA VARIANTE DE TÍTULO |
| Título propio/Titulo breve |
Pocket companion to Guyton & Hall textbook of medical physiology |
| 250 ## - MENCIÓN DE EDICIÓN |
| Mención de edición |
13a. ed. |
| 260 ## - PUBLICACIÓN, DISTRIBUCIÓN, ETC. (PIE DE IMPRENTA) |
| Lugar de publicación, distribución, etc. |
Barcelona |
| Nombre del editor, distribuidor, etc. |
Elsevier |
| Fecha de publicación, distribución, etc. |
D.L. 2016 |
| 300 ## - DESCRIPCIÓN FÍSICA |
| Extensión |
XVI, 704 p. |
| Otras características físicas |
il., gráf. |
| Dimensiones |
21 cm |
| 336 ## - TIPO DE CONTENIDO |
| Término de tipo de contenido |
Texto (visual) |
| Fuente |
isbdcontent |
| 337 ## - TIPO DE MEDIO |
| Nombre/término del tipo de medio |
sin mediación |
| Fuente |
isbdmedia |
| 500 ## - NOTA GENERAL |
| Nota general |
Índice |
| 530 ## - NOTA DE FORMATO FÍSICO ADICIONAL DISPONIBLE |
| Nota de formato físico adicional disponible |
Disponible en sitio web |
| 600 1# - PUNTO DE ACCESO ADICIONAL DE MATERIA--NOMBRE DE PERSONA |
| 9 (RLIN) |
169 |
| Nombre de persona |
Guyton, Arthur C. |
| 650 10 - PUNTO DE ACCESO ADICIONAL DE MATERIA--TÉRMINO DE MATERIA |
| Término de materia o nombre geográfico como elemento inicial |
Fisiología |
| Fuente del encabezamiento o término |
embne |
| 9 (RLIN) |
136 |
| 650 10 - PUNTO DE ACCESO ADICIONAL DE MATERIA--TÉRMINO DE MATERIA |
| Término de materia o nombre geográfico como elemento inicial |
Medicina |
| 9 (RLIN) |
58 |
| 650 #7 - PUNTO DE ACCESO ADICIONAL DE MATERIA--TÉRMINO DE MATERIA |
| Término de materia o nombre geográfico como elemento inicial |
METABOLISMO |
| 650 #7 - PUNTO DE ACCESO ADICIONAL DE MATERIA--TÉRMINO DE MATERIA |
| Término de materia o nombre geográfico como elemento inicial |
CÉLULAS |
| 700 1# - PUNTO DE ACCESO ADICIONAL--NOMBRE DE PERSONA |
| Nombre de persona |
Guyton, Arthur C. |
| Fechas asociadas al nombre |
1919-2003 |
| Código de función/relación |
aut |
| 856 42 - LOCALIZACIÓN Y ACCESO ELECTRÓNICOS |
| Especificación de materiales |
Acceso a Student consult |
| Identificador Uniforme del Recurso |
<a href="www.studentconsult.com">www.studentconsult.com</a> |
| Nota pública |
con clave de acceso |
| 942 ## - ELEMENTOS DE PUNTO DE ACCESO ADICIONAL (KOHA) |
| Fuente del sistema de clasificación o colocación |
Clasificación Decimal Universal |
| Tipo de ítem Koha |
Libros |
| 956 ## - LOCALIZACIÓN Y ACCESO ELECTRÓNICOS LOCAL (OCLC) |
| Nombre del host |
2 |